Statistiques concernant Culture Générale - Série 158

Cliquez ici pour prendre le quiz!

Statistiques générales

  • Ce quiz a été pris 224 fois
  • Le résultat moyen est 5 sur 10

Statistiques - réponses

QuestionRéponse% Correct
Qu'y a-t-il représentées 27 fois sur le fond bleu du drapeau brésilien ?Des étoiles
81%
Dans quelle partie du corps humain se situe le quadriceps ?Cuisse
77%
Dans quelle ville habitent les Spinaliens ?Epinal
76%
Dans quel art s'est illustré Leonard Bernstein ?Musique
69%
De quel pays le commandant Massoud était-il un chef de guerre ?Afghanistan
57%
Quel syndicat a été dirigé par Nicole Notat de 1992 à 2002 ?CFDT
57%
De quel pays les parents de Serge Gainsbourg étaient-ils originaires ?Russie
48%
Quelle actrice Tom Cruise a-t-il épousée le 18 novembre 2006 ?Katie Holmes
30%
Qui lit dans les pensées féminines dans "Ce que veulent les femmes" ?Mel Gibson
29%
Comment court William Sheller selon le titre d'une de ses chansons ?Tout seul
16%

Distribution des résultats

Percentile par nombre de réponses

% des personnes avec chaque résultat

Votre développement - résultats

Vous n’avez pas pris ce quiz